Countries of the World Quiz - Swedish/svenska - Statistics

General Stats
  • This quiz has been taken 3,154 times
  • The average score is 91 of 196
Answers on the Map
Answers color-coded by a green-red scale on the quiz's map according to % correct below.
 
Answer Stats
Country % Correct
Sverige
93%
Finland
92%
Norge
92%
USA
91%
Danmark
90%
Ryssland
90%
Frankrike
89%
Kanada
89%
Spanien
89%
Italien
88%
Tyskland
88%
Mexiko
87%
Kina
86%
Portugal
86%
Irland
85%
Island
85%
Polen
85%
Ukraina
84%
Brasilien
83%
Estland
83%
Storbritannien
82%
Grekland
81%
Indien
81%
Lettland
81%
Argentina
80%
Australien
80%
Japan
80%
Chile
79%
Nederländerna
79%
Turkiet
78%
Vitryssland
78%
Belgien
76%
Litauen
75%
Nordkorea
75%
Sydkorea
75%
Iran
74%
Österrike
74%
Sydafrika
74%
Albanien
73%
Egypten
73%
Irak
72%
Slovakien
70%
Niger
69%
Rumänien
69%
Kroatien
68%
Madagaskar
68%
Serbien
66%
Mongoliet
65%
Peru
65%
Slovenien
65%
Thailand
65%
Tjeckien
65%
Bulgarien
64%
Colombia
64%
Marocko
64%
Nya Zeeland
63%
Ungern
63%
Indonesien
62%
Kuba
62%
Kosovo
61%
Moldavien
61%
Nigeria
61%
Bolivia
59%
Kazakstan
59%
Somalia
59%
Pakistan
58%
Saudiarabien
58%
Schweiz
58%
Uruguay
58%
Israel
57%
Venezuela
57%
Algeriet
56%
Cypern
54%
Paraguay
54%
Syrien
54%
Afghanistan
52%
Andorra
51%
Jemen
51%
Luxemburg
51%
Sudan
51%
Malta
50%
Montenegro
50%
Vietnam
50%
Nepal
49%
Ecuador
47%
Oman
47%
Filippinerna
46%
Panama
46%
Jamaica
45%
Libyen
45%
Etiopien
44%
Kenya
44%
Mali
44%
Qatar
44%
Tunisien
44%
Makedonien
43%
Vatikanstaten
43%
Bangladesh
42%
Monaco
42%
Tchad
42%
Honduras
41%
Armenien
40%
Costa Rica
40%
Georgien
40%
San Marino
40%
Sri Lanka
40%
Sydsudan
40%
Angola
39%
Bosnien och Hercegovina
39%
Ghana
39%
Haiti
39%
Uzbekistan
39%
Laos
38%
Tanzania
38%
Senegal
36%
Turkmenistan
36%
Zambia
36%
El Salvador
35%
Eritrea
35%
Liechtenstein
35%
Malaysia
35%
Myanmar
35%
Taiwan
35%
Elfenbenskusten
34%
Jordanien
34%
Libanon
34%
Zimbabwe
34%
Förenade Arabemiraten
33%
Guyana
33%
Kambodja
33%
Uganda
33%
Fiji
32%
Surinam
32%
Botswana
31%
Azerbajdzjan
30%
Bahamas
30%
Dominikanska republiken
30%
Guatemala
30%
Kirgizistan
30%
Togo
30%
Bhutan
29%
Gambia
29%
Guinea
29%
Kamerun
29%
Belize
28%
Namibia
27%
Nicaragua
27%
Singapore
27%
Benin
26%
Maldiverna
26%
Kuwait
25%
Liberia
25%
Papua Nya Guinea
25%
Rwanda
25%
Gabon
24%
Kongo-Kinshasa
24%
Lesotho
24%
Burundi
23%
Centralafrikanska republiken
22%
Kap Verde
22%
Tadzjikistan
22%
Burkina Faso
21%
Djibouti
21%
Malawi
21%
Mauretanien
21%
Bahrain
20%
Dominica
20%
Mauritius
19%
Moçambique
19%
Swaziland
19%
Kongo-Brazzaville
18%
Saint Lucia
18%
Sierra Leone
18%
Barbados
17%
Brunei
17%
Östtimor
17%
Seychellerna
17%
Tuvalu
17%
Guinea-Bissau
16%
Tonga
14%
Grenada
13%
Mikronesiska federationen
13%
Ekvatorialguinea
12%
Kiribati
12%
Palau
12%
Samoa
12%
Marshallöarna
11%
Nauru
11%
Trinidad och Tobago
11%
Vanuatu
11%
Komorerna
10%
Salomonöarna
10%
São Tomé och Príncipe
10%
Antigua och Barbuda
9%
Saint Kitts och Nevis
9%
Saint Vincent och Grenadinerna
6%
No matching quizzes found
Score Distribution
Percent of People with Each Score
Percentile by Number Answered
Your Score History
You have not taken this quiz